Europa; de 1815 a nuestros días /

Guardado en:
Autor Principal: Duroselle, Jean Baptiste
Formato: Libro
Publicado: Barcelona : Labor, 1974
Edición:3a. ed.
Series:Nueva Clío, 38
Materias:
Etiquetas: Agregar Etiqueta
Sin Etiquetas, Sea el primero en etiquetar este registro!
LEADER 00520nam a22001935a 4500
001 CEM.cems002174
005 20060216000000.0
008 130507s1974##################000#0#####d
003 CEMS
082 0 4 |a 940 
100 1 |a Duroselle, Jean Baptiste 
245 1 0 |a Europa; de 1815 a nuestros días / 
250 |a 3a. ed. 
260 |a Barcelona :  |b Labor,  |c 1974 
300 |a 330 p. 
490 0 |a Nueva Clío, 38 
653 |a Historia 
653 |a Historia de europa 
859 |a CEMS  |b BIB. CEMS - 11 de abril  |h 940  |i D937a3  |p 7735.85  |t Ej.1